00907cam a22002531 450000100060000000300080000600500170001400800410003103500190007204000510009104100110014208200250015310000420017824500720022026000380029230000290033050000260035950001500038550000180053565000130055365000370056665000320060370000180063531763BD-RjUL20211209051738.0140422t1947 nyuaf 000 0 eng d a(BD-RjUL)31851 aRochester. Univ. Libr.cDLCdDLCdBD-RjULbeng1 aengger00a305.26219bVIO 19471 aVischer, A. L.q(Adolf Lucas),d1884-00aOld age, its compensations and rewards /cForeword by Lord Amulree. aLondon :bAllen and Unwin,c1947. a200 p. :bill. ;c23 cm. aErrata slip inserted. a"Translated by Bernard Miall from the German of 'Das Alter als Sch0cksal und Erfüllung' second revisited and enlarged edition ... Basle, 1945." a[BJ1691.V ] 0aOld age. 0aOlder peoplexSocial conditions. 0aOlder peoplexServices for.1 aAmulree, Lord